000 00518nam a2200205Ia 4500
005 20250923150418.0
008 008 250917s9999 xx 000 0 eng d
037 _aTextual
040 _aDSWL
_beng
_cDSWL
041 _aeng
_2eng
084 _qDSWL
100 _aSingh, Tagpal
_9845674
245 0 _aCaste, state and society
_cby Singh Tagpal Singh
260 _aOxyen
_b Routledge Pub.
_c2021
300 _a313 p.
365 _aINR
_b1495
925 _g1495
942 _cTEXL
999 _c1463170
_d1463170